Manual de auditoría de gestión : enfoque empresarial y de riesgos /

Detalles Bibliográficos
Autor principal: Cubero Abril, Teodoro (Autor)
Formato: Electrónico eBook
Lenguaje:español
Publicado: Cuenca, Ecuador : Universidad del Azuay, Casa Editora, [2019]
Materias:
Acceso en línea:Digitalia Hispánica

MARC

LEADER 00000nam a2200000Ii 4500
001 DIGUAZUAY0062
003 NyNyDIG
006 m o d
007 cr |||||||||||
008 251104s2019 ec a ob 000 0 spa d
035 |a (OCoLC)1548424416 
040 |a DGITA  |b eng  |e rda  |e pn  |c DGITA 
020 |a 9789942778826  |q eBook 
020 |z 9789942778802 
050 1 4 |a HD58.95 ebook 
100 1 |a Cubero Abril, Teodoro,  |e author. 
245 1 0 |a Manual de auditoría de gestión :  |b enfoque empresarial y de riesgos /  |c Teodoro Cubero Abril. 
264 1 |a Cuenca, Ecuador :  |b Universidad del Azuay, Casa Editora,  |c [2019] 
300 |a 1 online resource :  |b illustrations. 
336 |a text  |b txt  |2 rdacontent 
337 |a computer  |b c  |2 rdamedia 
338 |a online resource  |b cr  |2 rdacarrier 
347 |a text file  |2 rdaft 
347 |b PDF 
504 |a Includes bibliographical references. 
588 0 |a Online resource; title from PDF title page (Digitalia, viewed November 4, 2025) 
650 0 |a Management audit. 
650 0 |a Industrial management. 
791 2 |a Digitalia (Firm),  |e distributor. 
793 0 |g Digitalia eBook Collection:  |a Universidad del Azuay 
776 0 8 |i Print version:  |a Cubero Abril, Teodoro.  |t Manual de auditoría de gestión.  |d Cuenca, Ecuador : Universidad del Azuay, Casa Editora, [2019]  |z 9789942778802 
856 4 0 |3 Digitalia Hispánica  |u https://www.digitaliapublishing.com/a/133445/ 
910 |a Premium collection: 2025